000 nam a22 4500
999 _c9225
_d9225
008 180419b ||||| |||| 00| 0 eng d
245 _aChildren's safe journey towards digitalization
260 _aPhilippines:
_bManila Bulletin,
_cc2017.
300 _apage 14.
650 0 _927530
_aChild welfare.
942 _2ddc
_cPER